Animation and 3D modeling on the Mac (Record no. 13710)

MARC details
000 -LEADER
fixed length control field 00461nam a2200181Ia 4500
005 - DATE AND TIME OF LATEST TRANSACTION
control field 20260413110822.0
008 - FIXED-LENGTH DATA ELEMENTS--GENERAL INFORMATION
fixed length control field 231207s9999 xx 000 0 und d
020 ## - INTERNATIONAL STANDARD BOOK NUMBER
International Standard Book Number 9780201884203
040 ## - CATALOGING SOURCE
Transcribing agency PK-LaNCA
082 ## - DEWEY DECIMAL CLASSIFICATION NUMBER
Classification number 006.66
Item number FOL
100 ## - MAIN ENTRY--PERSONAL NAME
Author Name Foley, Don
245 #0 - TITLE STATEMENT
Title Animation and 3D modeling on the Mac
260 ## - PUBLICATION, DISTRIBUTION, ETC.
Name of publisher, distributor, etc. Peachpit Press
Place of publication, distribution, etc. Berkeley
Date of publication, distribution, etc. 1995
300 ## - PHYSICAL DESCRIPTION
Pages 144p
Other physical details ill
546 ## - LANGUAGE NOTE
Language note English
650 ## - SUBJECT ADDED ENTRY--TOPICAL TERM
Subject Animation Computer graphics.
942 ## - ADDED ENTRY ELEMENTS (KOHA)
Koha item type Book
999 ## -
-- 13710
-- 13710
Holdings
Withdrawn status Weedout from Library Permanent Location Current Location Shelving location Date acquired Full call number Barcode Price effective from Koha item type
    NATIONAL COLLEGE OF ARTS, LAHORE - LIBRARY NATIONAL COLLEGE OF ARTS, LAHORE - LIBRARY General Section Library Basement 08/12/2023 006.66 DON 17776 17776 08/12/2023 Book